Statistics for Birth Names Quiz

Click here to take the quiz!

General Stats

  • This quiz has been taken 30,053 times
    (19,283 since last reset)
  • The average score is 9 of 20

Answer Stats

Birth NameBornAnswer% Correct
Norma Jeane Mortenson1926Marilyn Monroe
90%
Dwayne Johnson1972The Rock
85%
Cassius Clay1942Muhammad Ali
78%
Siddhartha Gautamac. 563 BCBuddha
59%
Malcolm Little1925Malcolm X
57%
Vladimir Ilyich Ulyanov1870V.I. Lenin
53%
Carlos Estevez1965Charlie Sheen
51%
Stefani Germanotta1986Lady Gaga
51%
Kal-El?Superman
50%
Samuel Langhorne
Clemens
1835Mark Twain
49%
Robert Zimmerman1941Bob Dylan
40%
Stacy Ann Ferguson1975Fergie
37%
Karol Wojtyla1920Pope John Paul II
35%
Gaius Octavius Thurinus63 BCAugustus
31%
William Jefferson Blythe1946Bill Clinton
28%
Cherilyn Sarkisian1946Cher
28%
Edson Arantes do
Nascimento
1940Pelé
25%
Temüjinc. 1155Genghis Khan
23%
Eric Arthur Blair1903George Orwell
17%
Charles Dodgson1832Lewis Carroll
17%

Score Distribution

Percentile by Number Answered

Percent of People with Each Score

Your Score History

You have not taken this quiz since the last reset